[Event "BCF-ch 5-day op AM Week 2"]
[Site "Torquay"]
[Date "2013.08.08"]
[Round "4"]
[White "Rahimili, Nijad"]
[Black "Toll, Alec J"]
[Result "0-1"]
[WhiteElo "1866"]
[BlackElo "2027"]
[PlyCount "64"]
[EventDate "2013.08.05"]
[EventType "swiss"]
[EventRounds "5"]
[EventCountry "ENG"]
[SourceTitle "EXT 2023"]
[Source "ChessBase"]
[SourceDate "2022.10.05"]
[SourceVersion "1"]
[SourceVersionDate "2022.10.05"]
[SourceQuality "1"]

1. d4 e5 2. d5 Bc5 3. c4 f5 4. g3 d6 5. Nc3 Nf6 6. Bg2 0-0 7. e3 a6 8. Nge2 Bd7 9. 0-0 b5 10. b3 Be8 11. Qd3 bxc4 12. Qxc4 Nbd7 13. b4 Ba7 14. a4 Qc8 15. Kh1 a5 16. b5 Bb6 17. h3 Qd8 18. f4 g6 19. Bf3 Bc5 20. Kh2 h6 21. e4 Qe7 22. Kg2 Nb6 23. Qd3 Bd7 24. fxe5 dxe5 25. Bxh6 Qh7 26. Be3 Nxe4 27. Rh1 Nxc3 28. Qxc3 Bxe3 29. Qxc7 e4 30. Rhd1 exf3+ 31. Kxf3 f4 32. Ra3 Bg4+ 0-1

[Event "BCF-ch 5-day op AM Week 2"]
[Site "Torquay"]
[Date "2013.08.06"]
[Round "2"]
[White "Ramage, Colin R"]
[Black "Rahimili, Nijad"]
[Result "1-0"]
[WhiteElo "2026"]
[BlackElo "1866"]
[PlyCount "51"]
[EventDate "2013.08.05"]
[EventType "swiss"]
[EventRounds "5"]
[EventCountry "ENG"]
[SourceTitle "EXT 2023"]
[Source "ChessBase"]
[SourceDate "2022.10.05"]
[SourceVersion "1"]
[SourceVersionDate "2022.10.05"]
[SourceQuality "1"]

1. e4 d6 2. d4 Nf6 3. Nc3 g6 4. f4 Bg7 5. Nf3 0-0 6. Bd3 Bg4 7. h3 Bxf3 8. Qxf3 Nc6 9. Be3 Nb4 10. 0-0-0 Nxd3+ 11. Rxd3 c6 12. e5 Ne8 13. h4 f5 14. h5 e6 15. hxg6 hxg6 16. g4 Nc7 17. Qg3 Kf7 18. gxf5 gxf5 19. Rg1 Rg8 20. Qg6+ Ke7 21. Bf2 Qe8 22. Qg5+ Kd7 23. Rdg3 Qf8 24. Qxg7+ Rxg7 25. Rxg7+ Kc8 26. Rg8 1-0

[Event "British-ch 5-day op AM Week 1"]
[Site "Torquay"]
[Date "2013.08.01"]
[Round "4.9"]
[White "Rahimili, Nijad"]
[Black "Page, Martin C"]
[Result "0-1"]
[WhiteElo "1946"]
[BlackElo "1812"]
[PlyCount "38"]
[EventDate "2013.07.29"]
[EventType "swiss"]
[EventRounds "5"]
[EventCountry "ENG"]
[SourceTitle "EXT 2023"]
[Source "ChessBase"]
[SourceDate "2022.10.05"]
[SourceVersion "1"]
[SourceVersionDate "2022.10.05"]
[SourceQuality "1"]

1. d4 d5 2. c4 e6 3. Nc3 Nf6 4. Nf3 Be7 5. g3 0-0 6. Bg2 c5 7. e3 Nc6 8. a3 dxc4 9. 0-0 Qc7 10. d5 exd5 11. Nxd5 Nxd5 12. Qxd5 Be6 13. Qd2 Na5 14. Qc2 Nb3 15. Rb1 Rad8 16. Nd2 b5 17. Re1 Qd7 18. Nxb3 cxb3 19. Be4 bxc2 0-1

[Event "British-ch 5-day op AM Week 1"]
[Site "Torquay"]
[Date "2013.07.29"]
[Round "1"]
[White "Kalerwa, Edwin M"]
[Black "Rahimili, Nijad"]
[Result "1-0"]
[WhiteElo "1772"]
[BlackElo "1946"]
[PlyCount "71"]
[EventDate "2013.07.29"]
[EventType "swiss"]
[EventRounds "5"]
[EventCountry "ENG"]
[SourceTitle "EXT 2023"]
[Source "ChessBase"]
[SourceDate "2022.10.05"]
[SourceVersion "1"]
[SourceVersionDate "2022.10.05"]
[SourceQuality "1"]

1. c4 Nf6 2. Nf3 g6 3. g3 Bg7 4. Nc3 0-0 5. Bg2 d6 6. 0-0 c6 7. d4 Nbd7 8. Qd3 e5 9. Rd1 Qe7 10. e4 h6 11. d5 c5 12. Bd2 a6 13. a3 b6 14. b4 cxb4 15. axb4 a5 16. Ne1 Bb7 17. Na4 Rfc8 18. Rdb1 Ba6 19. b5 Bb7 20. Be3 Qd8 21. f3 Ne8 22. Bh3 Rcb8 23. Bxd7 Qxd7 24. Nxb6 Qc7 25. Nxa8 Rxa8 26. Rc1 Bf8 27. Qd2 Kh7 28. Nd3 f5 29. c5 fxe4 30. fxe4 Nf6 31. Ra4 dxc5 32. Nxc5 Ng4 33. Ne6 Qb8 34. Rc7+ Kg8 35. d6 Nxe3 36. Qxe3 1-0